Normale Ansicht MARC-Ansicht ISBD

Erhard Frommhold und Die Fundus-Bücher : (Titelsatznr. 73091)

[ MARC ]
MARC-Details
000 -Satzkennung
Kontrollfeld mit fester Länge 01624nam a22003493i 4500
001 - Kontrollnummer
Kontrollfeld EBC31318098
003 - Kontrollnummer Identifier
Kontrollfeld MiAaPQ
005 - Datum und Zeit der letzten Transaktion
Kontrollfeld 20251024192621.0
007 - Feld mit fester Länge zur physischen Beschreibung - Allgemeine Information
Kontrollfeld mit fester Länge cr cnu||||||||
008 - Feld mit fester Länge zur physischen Beschreibung - Allgemeine Angaben
Kontrollfeld mit fester Länge 251024s2024 xx o ||||0 ger d
020 ## - Internationale Standardbuchnummer
Internationale Standardbuchnummer 9783867325806
Nähere Angaben (electronic bk.)
020 ## - Internationale Standardbuchnummer
Gelöschte/ungültige ISBN 9783867324380
040 ## - Katalogisierungsquelle
Original-Katalogisierungsstelle MiAaPQ
Katalogisierungssprache eng
Übertragungsstelle MiAaPQ
100 1# - Haupteintragung - Personenname
Personenname Ebert, Hildtrud.
Koha-Normdatenidentnummer 67454
245 10 - Titel
Titel Erhard Frommhold und Die Fundus-Bücher :
Zusatz zum Titel Die Ersten Jahre.
250 ## - Ausgabebezeichnung
Ausgabebezeichnung 1st ed.
264 #1 - Produktion, Veröffentlichung, Distribution, Herstellung und Urheberrechtsvermerk
Herstellungs-, Veröffentlichungs- Vertriebs-, Erzeugungsort Berlin :
Produzent, Herausgeber, Distributor, Hersteller Lukas Verlag fur Kunst- und Geistesgeschichte,
Datum der Herstellung, der Veröffentlichung, des Vertriebs oder des Urheberschutzvermerks 2024.
264 #4 - Produktion, Veröffentlichung, Distribution, Herstellung und Urheberrechtsvermerk
Datum der Herstellung, der Veröffentlichung, des Vertriebs oder des Urheberschutzvermerks {copy}2024.
300 ## - Physische Beschreibung
Umfang 1 online resource (97 pages)
336 ## - Inhaltstyp
Inhaltstypterm Text
Inhaltstypcode txt
Quelle rdacontent
337 ## - Medientyp
Bezeichnung des Medientyps Computermedien
Medientypcode c
Quelle rdamedia
338 ## - Datenträgertyp
Datenträgertypbezeichnung Online Resource
Datenträgertypcode cr
Quelle rdacarrier
341 0# -
-- No reading system accessibility options actively disabled
-- onix
500 ## - Allgemeine Fußnote
Allgemeine Fußnote E-Book-ProQuest / Fernzugriff nach Registrierung möglich
520 ## - Fußnote zu Zusammenfassungen usw.
Fußnote zur Zusammenfassung usw. Als der Rowohlt Verlag 1955 seine »deutsche enzyklopädie« auf den Markt brachte, konnte Erhard Frommhold den VEB Verlag der Kunst Dresden, wo er als Lektor arbeitete, vom Aufbau einer eigenen Theorie­reihe überzeugen.Der Name Fundus war schnell gefunden und nicht ohne Hintersinn gewählt.
655 ## - Indexierungsterm - Genre/Form
Genre/Form oder fokussierter Term Fernzugriff
Koha-Normdatenidentnummer 230
655 #4 - Indexierungsterm - Genre/Form
Genre/Form oder fokussierter Term
776 08 - Andere physische Form
Verweisungsphrase Print version:
Haupteintragung Ebert, Hildtrud
Titel Erhard Frommhold und Die Fundus-Bücher
Ort, Verlag und Erscheinungsjahr Berlin : Lukas Verlag fur Kunst- und Geistesgeschichte,c2024
Internationale Standardbuchnummer 9783867324380
856 40 - Elektronische Adresse und Zugriff
URL <a href="https://ebookcentral.proquest.com/lib/maxweberstiftung-ebooks/detail.action?docID=31318098">https://ebookcentral.proquest.com/lib/maxweberstiftung-ebooks/detail.action?docID=31318098</a>
OPAC-Notiz Volltext
942 ## - Zusätzliche Felder (Koha)
Koha-Medientyp E-Books
Exemplare
Ausgeschieden Verloren Klassifikation oder Aufstellungssystematik Beschädigt Nicht entleihbar Heimatbibliothek Aufenthaltsbibliothek Aufstellungsort Erwerbungsdatum Inventarnummer Signatur Barcode Letzte Aktivität Preis gültig von Koha-Medientyp
    Andere/Generische Klassifikation     MWN Osteuropa MWN Osteuropa Online-Ressource 24/10/2025 25-e01111 E-25-e01111 76012 24/10/2025 24/10/2025 E-Books